00521nam a2200181Ia 450000500170000000800410001702000220005804100080008008200150008810000150010324500820011826000410020030000210024144000060026250000280026865000280029670000150032420251121234542.0230125s9999 xx 000 0 und d a978-81-8495-613-9 aeng a158.1bFLA aFlaherty L aYour Past Lives : A Transformationals Journey Of Self - Discovery And Healing c2014bJaico Publishing HouseaMumbai a251pcPaper Back v1 aPersonality Development aPersonality Development aFlaherty L